000 01249nam0a2200385 4500
001 RU\NLR\bibl\178822
005 20250618062413.0
010 _a5-7024-1198-6
_951000
021 _aRU
_b2001-24475
_91160
035 _a(NLR Aleph) 000175504
090 _a1012292
_c1012292
100 _a20010808d2001 |||y0rusy50 ca
101 1 _arus
_ceng
102 _aRU
105 _ay |||||||||
200 1 _aОтель на побережье
_eРоман
_e[Пер. с англ.]
_fТеодора Снэйк
210 _aМ.
_cПанорама
_d2001
215 _a185, [1] с.
_d17
225 1 _aПанорама романов о любви
311 _aЛит.-художеств. прил. к междунар. журн. "Панорама"
422 0 _12001#$aПанорама
_tПанорама
610 0 _aЛюбовь (х. л.)
675 _a821.111(73)-31Снэйк
_v3
_zrus
686 _a17.82
_2rugasnti
686 _a84(7Сое)-44
_2rubbk
686 _aШ6(7США)67-440.4
700 1 _aСнэйк
_gТеодора
_4070
801 0 _aRU
_bRKP
_c20010808
_gPSBO
801 1 _aRU
_bRKP
_c20010808
801 2 _aRU
_bNLR
_c20011003
_grcr
942 _cBOOK
980 _aNB